00541nam a2200169Ia 4500008004100000020001500041041001200056082001600068100001400084245003300098260002800131300000800159650001200167942000700179999001500186952017000201221030s9999 xx 000 0 und d a8172246870 aEnglish a105.23bRec aM. Record 0aHow to Prepare Business Plan bJaico Pub.aDelhic1999 a158 aGeneral cBK c1237d1237 pBE 3753g80.00l0o105.23 Recr2024-06-13 00:00:00w2022-10-30yBK003Print4070aMIETLIBbMIETLIBcBL-Academic Block A, FL-1, CUP-21, SH-4, R-4d2001-04-2110HBE